ACC Logo Quiz - Statistics

General Stats
  • This quiz has been taken 30 times
  • The average score is 17 of 18
Answer Stats
Picture Answer % Correct
Duke
100%
Miami
100%
North Carolina
100%
Virginia
100%
Clemson
96%
Florida State
96%
North Carolina State
96%
Pittsburgh
96%
Stanford
96%
Virginia Tech
96%
California
93%
Georgia Tech
93%
Notre Dame
93%
Wake Forest
93%
Boston College
89%
Louisville
89%
Syracuse
89%
SMU
81%
No matching quizzes found
Score Distribution
Percent of People with Each Score
Percentile by Number Answered
Your Score History
You have not taken this quiz